000 00982nam a2200301 i 4500
001 000042734
003 DO-SdBNP
005 20250127102137.0
007 ta
008 140206s2011 dr 000 j spa d
020 _a9789945475135
040 _aDO-SdBNP
_bspa
_cBNPHU
_erda
041 _aspa
082 4 _aRD863.44
_bG216d
_222
100 1 _aGarcía Romero, Rafael,
_d1957-
_eautor
_4aut.
_91671
245 1 3 _aEl doceavo rostro :
_bcuentos reunidos /
_cRafael García Romero.
264 4 _aSanto Domingo, República Dominicana :
_bEdiciones Ferilibro,
_c©2011.
300 _a629 páginas ;
_c23 cm.
336 _atexto
_btxt
_2rdacontent
337 _asin mediación
_bn
_2rdamedia
338 _avolumen
_bnc
_2rdacarrier
500 _aIncluye datos biográficos del autor en las solapas
590 _aInventariado, 2020/BT
650 4 _aCuentos dominicanos
_9176
650 4 _aLiteratura dominicana.
_967
910 _aValidado. Control de calidad MFF
942 _2ddc
_cLBS1
999 _c42223
_d42223